000 00373nam a2200145Ia 4500
008 230917s9999||||xx |||||||||||||| ||und||
040 _e72546
_aMAIN
041 _aEnglish
082 _a658.3 L989T
100 _aLyxton, Roff P
245 0 _aTraining for organizational transformation
260 _aNew Delhi
_bSage Publications
_c2000
300 _a413 p.
942 _cBK
999 _c108684
_d108684